Responses for show #8422 - Tuesday, June 15, 2021

Champion's winnings & consolation amounts matched to The Bowery Mission.

Contestants

[<< previous game]

Erin Rion, a director of clinical services from Napanoch, New York

Quan Do, a catalyst development engineer originally from Annandale, Virginia

Katie Sekelsky, a graphic designer from Kent, Ohio (whose 2-day cash winnings total $16,698)

[next game >>]

Jeopardy! Round responses

FACE THE PERFORMER
DECADES IN AMERICAN HISTORY
NAUTICAL WORDS & PHRASES
JUMBLE GYM
I HAVE TO GIVE YOU CREDIT
HAVING A POSITIVE ALTITUDE
    $200 14
Marvel's Agents of S.H.I.E.L.D.

Triple Stumper
    $200 10
(Savannah: Yes, and President Lincoln was shot watching that play.)

the 1860s

Quan
    $200 25
health

Katie
    $200 19
aerobics

Katie
    $200 24
Discover Card

Triple Stumper
    $200 1
the (Bavarian) Alps

Quan
    $400 15
Grey's Anatomy

Erin
    $400 11
the 1870s

Triple Stumper
    $400 2
hands

Katie
    $400 27
a dumbbell

Quan
    $400 8
the grace period

Triple Stumper
    $400 3
Mexico City

Quan
    $600 16
Office Space

Erin
    $600 12
the 1920s

Katie
    $600 7
pursuit

Triple Stumper
    $600 28
cooldown

Katie
    $600 13
American Express

Erin
    $600 4
Tibet

Quan
    $800 17
(Savannah: I watch it every time it's on.)

Dances with Wolves

Erin
    $800 20
the 1930s

Katie
    $800 9
a figurehead

Katie
    $800 29
(Katie: What are hamstrings?)

a hamstring

KatieQuan
    $800 22
(Erin: What is validation?)

verification

KatieErin
    $800 5
Santa Fe

Katie
    $1000 18
(Savannah: You got it; that was a slam.)

Kathryn Hahn

Erin
    $1000 21
the 1890s

Triple Stumper
    $1000 26
cut and run

Erin
    $1000 30
Pilates

Katie
    $2,000 23
Diners Club

Katie
    $1000 6
Quito

Quan

Scores at the first commercial break (after clue 15):

Katie Quan Erin
$2,600 $2,400 $1,000

Scores at the end of the Jeopardy! Round:

Katie Quan Erin
$7,400 $3,600 $3,600

Double Jeopardy! Round responses

THE STAGE
HOME, SWEET ANIMAL HOME
POP CULTURE TIDBITS
DEFINITELY DEFINITIONS
5 NIGHTS
AT FREDDY'S
    $400 10
The Crucible

Katie
    $400 27
aerie

Erin
    $400 8
The Count

Erin
    $400 18
rhetorical

Quan
    $400 29
Madness

Erin
    $400 30
(Erin: What is Paris?)
(Quan: What is Vienna?)

Berlin

QuanErin
Triple Stumper
    $800 12
Our Town

Katie
    $800 2
(Erin: What is a sty?)

a chicken run

Erin
Triple Stumper
    $800 5
The Twilight Zone

Erin
    $800 19
craven

Triple Stumper
    $800 1
the Emancipation Proclamation

Quan
    $800 22
Barbarossa

Katie
    $1200 15
The Glass Menagerie

Erin
    $1200 3
a canopy

Quan
    $1200 6
(Erin: Who is Dante?)

Dan Brown

Erin
Triple Stumper
    $1200 20
heresy

Triple Stumper
    $1200 11
Cannes

Erin
    $1200 23
the Prince of Wales

Triple Stumper
    $2,000 16
Who's Afraid of Virginia Woolf?

Erin
    $1600 4
hermit crabs

Katie
    $1600 7
(Erin: What is Thor: Ragnarok?)

Joker

Erin
Triple Stumper
    $1600 26
(Savannah: We've got less than a minute left.)

cacophony

Katie
    $1600 14
Twelfth Night

Erin
    $1,000 24
(Martin) Luther

Katie
    $2000 17
American Buffalo

Triple Stumper
    $2000 13
(Quan: What is a tarantula?)
(Katie: What is a wolf spider?)

the trapdoor spider

KatieQuan
Triple Stumper
    $2000 9
(Savannah: He earned $23,000, by the way; that's a lot of bee stings.)

Candyman

Erin
    $2000 28
prognosticate

Triple Stumper
    $2000 21
Gabriel

Quan
    $2000 25
(Quan: What is Austria?)

Poland

Quan
Triple Stumper

Scores at the end of the Double Jeopardy! Round:

Katie Quan Erin
$11,600 $3,600 $9,600

[wagering suggestions for these scores]

Final Jeopardy! Round responses

AMERICAN WOMEN
(Savannah: [To Quan] JFK's widow married a Greek shipping magnate, Aristotle Onassis, and traveled the world.)
[NOTE: Quan shared on Reddit that the name he crossed out was Elizabeth Taylor.]
QuanWho is Taylor E Jackie Kennedy Onassis
$600
ErinWho is Jacqueline Kennedy?
$0
KatieWho is Jackie Kennedy?
$7,601
Jacqueline Kennedy Onassis

Final scores:

Katie Quan Erin
$19,201 $4,200 $9,600
3-day champion: $35,899 3rd place: $1,000 2nd place: $2,000

Game dynamics:

Coryat scores:

Katie Quan Erin
$11,200 $3,600 $9,200
17 R
(including 2 DDs),
2 W
11 R,
3 W
15 R
(including 1 DD),
5 W

Combined Coryat: $24,000

The J! Archive is created by fans, for fans. The Jeopardy! game show and all elements thereof, including but not limited to copyright and trademark thereto, are the property of Jeopardy Productions, Inc. and are protected under law. This website is not affiliated with, sponsored by, or operated by Jeopardy Productions, Inc. Join the discussion at JBoard.tv.